| 000 | 01216nam a2200277Ia 4500 | ||
|---|---|---|---|
| 003 | OSt | ||
| 005 | 20220923211544.0 | ||
| 006 | a|||||r|||| 00| 0 | ||
| 007 | ta | ||
| 008 | 220922b |||||||| |||| 00| 0 san d | ||
| 020 |
_a9789383721238 (pbk) _c140 |
||
| 024 | _a324,482 | ||
| 037 |
_b413, 13/03/2018, Eastern Book Linkers _cTextual |
||
| 040 |
_aARTS _cARTS _bsan |
||
| 041 |
_2san _asan |
||
| 082 | _aLB, 152Q8 | ||
| 100 |
_aयादव, दीपक, 'प्रेमचन्द', ले. _9160771 |
||
| 245 | 0 |
_aअष्टांगहृदय _b सुत्रस्थान एवम् मौलिक सिद्धान्त |
|
| 246 | _aAṣhṭāangahṛudaya: sutrasthān evam maulik siddhānta | ||
| 260 |
_aवाराणसी _b चौखम्बा सुरभारती प्रकाशन _c2018 |
||
| 300 |
_a418पृ0 _ccm. |
||
| 490 | _aचौखम्बा आयुर्विज्ञान ग्रन्थमाला; 103 | ||
| 650 | _aवेद-आयुर्वेद | ||
| 942 |
_hLB, 152Q8 _cTEXL _2CC |
||
| 999 |
_c300731 _d300731 |
||